Piłkarska kariera Gonzalo Higuaina. - Statystyki

Ogólne statystyki
  • Ten quiz został rozwiązany 63 razy
  • Średni wynik to 7 z 9
Statystyki odpowiedzi
Lata Drużyna % Poprawnych
2016-2018 Juventus
100%
2019-2019 Juventus
100%
2019-2020 Juventus
100%
2013-2016 Napoli
85%
2007-2013 Real Madryt
85%
2018-2019 AC Milan
81%
2019-2019 Chelsea
73%
2020-teraz Inter Miami
71%
2004-2007 River Plate
35%
Nie znaleziono quizów pasujących do podanych kryteriów
Rozkład punktacji
Procent ludzi z każdym wynikiem
Percentyl według liczby udzielonych odpowiedzi
Twoja historia wyników
Nie rozwiązałeś tego quizu